<?xml version="1.0" encoding="UTF-8"?>
<record
    xmlns:xsi="http://www.w3.org/2001/XMLSchema-instance"
    xsi:schemaLocation="http://www.loc.gov/MARC21/slim http://www.loc.gov/standards/marcxml/schema/MARC21slim.xsd"
    xmlns="http://www.loc.gov/MARC21/slim">

  <leader>00858nam a2200205 a 4500</leader>
  <controlfield tag="001">55951</controlfield>
  <controlfield tag="003">BD-RjUL</controlfield>
  <controlfield tag="005">20211209080333.0</controlfield>
  <controlfield tag="008">161128s1990    bg ||||| |||| 000 0 eng d</controlfield>
  <datafield tag="035" ind1=" " ind2=" ">
    <subfield code="a">(BD-RjUL)56075</subfield>
  </datafield>
  <datafield tag="040" ind1=" " ind2=" ">
    <subfield code="a">BD-RjUL</subfield>
    <subfield code="b">eng</subfield>
    <subfield code="c">BD-RjUL</subfield>
    <subfield code="d">BD-RjUL</subfield>
  </datafield>
  <datafield tag="041" ind1=" " ind2=" ">
    <subfield code="a">eng</subfield>
  </datafield>
  <datafield tag="082" ind1=" " ind2=" ">
    <subfield code="2">23</subfield>
    <subfield code="a">630.7</subfield>
    <subfield code="b">BAS 1990</subfield>
  </datafield>
  <datafield tag="110" ind1=" " ind2=" ">
    <subfield code="a">B&#x101;&#x1E43;l&#x101;de&#x15B;a Kr&#x325;shi Gabesha&#x1E47;&#x101; K&#x101;unsila.</subfield>
    <subfield code="9">167430</subfield>
  </datafield>
  <datafield tag="245" ind1="0" ind2="0">
    <subfield code="a">Strategic plan for national agricultural research to the year 2000 /</subfield>
    <subfield code="c">B&#x101;&#x1E43;l&#x101;de&#x15B;a Kr&#x325;shi Gabesha&#x1E47;&#x101; K&#x101;unsila.</subfield>
  </datafield>
  <datafield tag="260" ind1=" " ind2=" ">
    <subfield code="a">Bangladesh  :</subfield>
    <subfield code="b">Bangladesh Agricultural Research Council,</subfield>
    <subfield code="c">1990.</subfield>
  </datafield>
  <datafield tag="300" ind1=" " ind2=" ">
    <subfield code="a">vi,83 p. ;</subfield>
    <subfield code="c">22 cm.</subfield>
  </datafield>
  <datafield tag="650" ind1=" " ind2=" ">
    <subfield code="a">National agricultural research systems -- Bangladesh -- Planning. </subfield>
    <subfield code="9">166550</subfield>
    <subfield code="v">Agriculture -- Research -- Bangladesh -- Planning.</subfield>
    <subfield code="x">Agrarwissenschaft -- Agrarpolitik -- Prognose -- Bangladesch.</subfield>
  </datafield>
  <datafield tag="942" ind1=" " ind2=" ">
    <subfield code="2">ddc</subfield>
    <subfield code="c">BK</subfield>
  </datafield>
  <datafield tag="999" ind1=" " ind2=" ">
    <subfield code="c">55951</subfield>
    <subfield code="d">55951</subfield>
  </datafield>
  <datafield tag="952" ind1=" " ind2=" ">
    <subfield code="0">0</subfield>
    <subfield code="1">0</subfield>
    <subfield code="2">ddc</subfield>
    <subfield code="4">0</subfield>
    <subfield code="7">0</subfield>
    <subfield code="8">NFIC</subfield>
    <subfield code="a">RUCL</subfield>
    <subfield code="b">RUCL</subfield>
    <subfield code="c">Stack</subfield>
    <subfield code="d">1995-10-25</subfield>
    <subfield code="e">Research council dhaka</subfield>
    <subfield code="l">0</subfield>
    <subfield code="o">630.7 BAS 1990</subfield>
    <subfield code="r">2016-11-28 00:00:00</subfield>
    <subfield code="t">C-2</subfield>
    <subfield code="w">2016-11-28</subfield>
    <subfield code="y">BK</subfield>
  </datafield>
  <datafield tag="952" ind1=" " ind2=" ">
    <subfield code="0">0</subfield>
    <subfield code="1">0</subfield>
    <subfield code="2">ddc</subfield>
    <subfield code="4">0</subfield>
    <subfield code="7">1</subfield>
    <subfield code="8">NFIC</subfield>
    <subfield code="a">RUCL</subfield>
    <subfield code="b">RUCL</subfield>
    <subfield code="c">Reading</subfield>
    <subfield code="d">1995-10-25</subfield>
    <subfield code="l">0</subfield>
    <subfield code="o">630.7 BAS 1990</subfield>
    <subfield code="r">2017-04-08 00:00:00</subfield>
    <subfield code="t">C-1</subfield>
    <subfield code="w">2017-04-08</subfield>
    <subfield code="y">BK</subfield>
  </datafield>
  <datafield tag="952" ind1=" " ind2=" ">
    <subfield code="0">0</subfield>
    <subfield code="1">0</subfield>
    <subfield code="2">ddc</subfield>
    <subfield code="4">0</subfield>
    <subfield code="7">0</subfield>
    <subfield code="8">NFIC</subfield>
    <subfield code="a">RUCL</subfield>
    <subfield code="b">RUCL</subfield>
    <subfield code="c">Stack</subfield>
    <subfield code="d">1995-10-25</subfield>
    <subfield code="e">Gonathen</subfield>
    <subfield code="l">0</subfield>
    <subfield code="o">630.7 BAS 1990</subfield>
    <subfield code="r">2017-06-14 00:00:00</subfield>
    <subfield code="t">C-3</subfield>
    <subfield code="w">2017-06-14</subfield>
    <subfield code="y">BK</subfield>
  </datafield>
</record>
